Amerika školní atlas pro základní školy a víceletá gymnázia /

Korporativní autor: Kartografie Praha (firma)
Další autoři: Petrunčík, Vilém, 1974-
Jazyk: Čeština
Vydáno: Praha : Kartografie Praha, 2013
Vydání: 2. vyd.
Témata:
Fyzický popis: 1 atlas (20 s.) : ca 36 barev. map ; 32 cm
Mapy
Uloženo v:
LEADER 01694nem a2200469 a 4500
001 nkc20132502751
003 CZ PrNK
005 20131106134150.0
007 ad canzn
008 131003s2013 xr z e 1 cze
015 |a cnb002502751 
020 |a 978-80-7393-336-4  |q (brož.) 
034 0 |a a 
040 |a BOA001  |b cze  |d ABA001 
043 |a n------  |a s------ 
072 7 |a 913  |x Regionální geografie  |2 Konspekt  |9 7 
072 7 |a 912  |x Mapy. Atlasy. Glóby  |2 Konspekt  |9 7 
080 |a 913(7+8)  |2 MRF 
080 |a 91  |2 MRF 
080 |a (084.4:075)  |2 MRF 
080 |a (075.2)  |2 MRF 
080 |a (075.3)  |2 MRF 
110 2 |a Kartografie Praha (firma)  |7 kn20010724363 
245 1 0 |a Amerika  |h [kartografický dokument] :  |b školní atlas pro základní školy a víceletá gymnázia /  |c [vydala a zpracovala Kartografie Praha ; odpovědný redaktor Vilém Petrunčík] 
246 3 |a Školní atlas Ameriky 
250 |a 2. vyd. 
255 |a Měřítka různá 
260 |a Praha :  |b Kartografie Praha,  |c 2013 
300 |a 1 atlas (20 s.) :  |b ca 36 barev. map ;  |c 32 cm 
500 |a Název z obálky 
500 |a Obsahuje rejstřík 
650 0 7 |a regionální geografie  |7 ph116030  |z Amerika  |2 czenas 
650 0 7 |a zeměpis  |7 ph116771  |2 czenas 
655 7 |a učebnice základních škol  |7 fd133773  |2 czenas 
655 7 |a učebnice středních škol  |7 fd133771  |2 czenas 
655 7 |a školní atlasy  |7 fd133893  |2 czenas 
700 1 |a Petrunčík, Vilém,  |d 1974-  |7 mzk2005299289  |4 edt 
910 2 |a BOA001  |b 4-1313.239 
990 |a MP 
995 |a 01 
991 |b 201310  |c NOV  |e dn 
996 6 |b 2610566259  |c 4-1313.239  |l MZK  |r Sklad / do 1 hodiny  |n 1  |p p.v.  |w 001370372  |u 000010  |a 1  |e BOA001  |j MZK50  |s P